Agenda: A Journal of Policy Analysis and Reform

محفوظ في:

التنسيق: دورية

اللغة: Undetermined

منشور في: JSTOR
ANU Press

الموضوعات:

الوصول للمادة أونلاين: Login to view Source

الوسوم: إضافة وسم

لا توجد وسوم, كن أول من يضع وسما على هذه التسجيلة!

رقم الطلب:

LEADER 00701nas a2200205Ia 4500
008 220214c99999999xx |||||||||||| ||und||
022 |a 1322-1833 
022 |a 1447-4735 
245 0 0 |a Agenda: A Journal of Policy Analysis and Reform 
264 1 |b JSTOR 
264 1 |b ANU Press 
362 0 |a Vol. 1(1994)-27 (2020) 
500 |a Content for this title is released as soon as the latest issues become available to JSTOR. 
653 1 0 |a Economics 
653 1 0 |a Public Policy & Administration 
653 1 0 |a Social Sciences 
856 4 0 |u https://www.jstor.org/journal/agenpolianalyref 
942 |c JL 
952 |0 0  |1 0  |4 0  |7 1  |9 33702  |a JSR  |b JSR  |d 2022-02-14  |l 0  |r 2022-02-14 00:00:00  |w 2022-02-14  |y JL 
999 |c 42036  |d 42036